Science Quiz

Random Science or Math Quiz

Adds Up to 14 Quiz Stats

 Plays Quiz Updated Mar 17, 2020

Support Sporcle.
Go Orange.
Score 0/25 Timer 01:00
23 Plays Today
% Correct
7+7
78.3%
10+4
77.9%
13+1
76.8%
6+8
76.4%
8+6
76.2%
3+10+1
76.2%
11+3
75.9%
9+5
75.5%
4+6+4
75%
8+2+4
74.3%
6+7+1
73%
4+5+5
72.9%
3+7+4
72.6%
% Correct
2+4+8
72.4%
9+4+1
72.3%
4+3+7
72.2%
8+0+4+2
72.1%
3+8+3
70.9%
8+1+5
70.9%
2+4+4+4
70.2%
4+3+3+4
70.1%
7+5+2
68.9%
3+5+6
68.3%
5+4+4+1
67.1%
4+4+5+1
66.1%

From the Vault

'C' This Typing Challenge

by MovieGuru

This quiz title may have been written via text message.
Remove Ads.
Support Sporcle.
Get the best of Sporcle when you Go Orange. This ad-free experience offers more features, more stats, and more fun while also helping to support Sporcle. Thank you for becoming a member.

Show Comments

Extras

Top Quizzes Today


Score Distribution

Your Account Isn't Verified!

In order to create a playlist on Sporcle, you need to verify the email address you used during registration. Go to your Sporcle Settings to finish the process.

Report this User

Report this user for behavior that violates our Community Guidelines.

Details: